000 00207nam a22000977a 4500
003 OSt
008 210114b ||||| |||| 00| 0 eng d
100 _aNeeloor, T P
_94859
245 _aPrathyasha
942 _cBK
999 _c16509
_d16509